000 00834nam a2200265 a 4500
001 BRCA_425
005 20190320203015.0
008 900130s1990####enka#####b---#001-0#eng-#
020 _a0500014930
040 _aDLC
_cDLC
_dDLC
041 _aeng
044 _aenk
050 4 _aGT2265
_b.M36 1990
100 1 _aMascetti, Daniela
_91448
245 1 0 _aEarrings
_bfrom antiquity to the present
_cDaniela Mascetti, Amanda Triossi.
260 _aLondres
_bThames and Hudson
_c1990
300 _a224 p.
_bil. (algunas a color)
_c31 cm.
500 _aIncluye notas biográficas sobre diseñadores y glosario
504 _aBibliografía: p. 218
650 1 4 _aAretes
_xHistoria
_yHasta 1990
_91449
650 1 4 _aJoyas europeas
_xHistoria
_yHasta 1990
_91450
653 0 _aJoyería
700 1 _aTriossi, Amanda
_ecoaut.
_91451
942 _2lcc
_cB
999 _c360
_d360